[Event "BL 8283 Frankfurt-Porz"]
[Site "?"]
[Date "1983.??.??"]
[Round "?.5"]
[White "Ostermeyer, P."]
[Black "Steinbacher, M."]
[Result "0-1"]
[WhiteElo "2435"]
[BlackElo "2265"]
[PlyCount "178"]
[EventDate "1983.??.??"]

1. d4 Nf6 2. c4 e6 3. Nf3 c5 4. d5 exd5 5. cxd5 g6 6. Nc3 Bg7 7. Bg5 O-O 8. e3
d6 9. Be2 Bg4 10. Nd2 Bxe2 11. Qxe2 Nbd7 12. O-O Re8 13. a4 h6 14. Bh4 a6 15.
a5 Qc7 16. Ra3 Ne5 17. e4 c4 18. Ra4 Rac8 19. Bg3 Nfd7 20. f4 b5 21. axb6 Qxb6+
22. Kh1 Qxb2 23. fxe5 Qxc3 24. Nxc4 Qb3 25. Qd1 Qxd1 26. Rxd1 Nc5 27. Ra3 Nxe4
28. Nxd6 Nxd6 29. exd6 Ra8 30. Rb1 Bf8 31. Ra5 Reb8 32. Rxb8 Rxb8 33. h4 Ra8
34. h5 g5 35. Be5 f6 36. Bxf6 Bxd6 37. g4 Bb4 38. Ra1 a5 39. Rb1 Rf8 40. Be5
Re8 41. Bc7 Kf7 42. Rf1+ Ke7 43. Be5 Kd7 44. Rf7+ Re7 45. Rxe7+ Kxe7 46. Kg2 a4
47. Kf3 a3 48. Ke2 Bd6 49. Bd4 Bf4 50. Bc5+ Bd6 51. Bd4 Kf7 52. Kd3 Be7 53. d6
Bxd6 54. Kc4 Ke6 55. Kb3 Be5 56. Bc5 Bg7 57. Bxa3 Kd5 58. Kc2 Ke4 59. Bd6 Kf3
60. Kd3 Kxg4 61. Ke4 Bc3 62. Bc5 Bd2 63. Bf2 Bf4 64. Be1 Bg3 65. Bb4 Kxh5 66.
Kf3 Bc7 67. Bd2 g4+ 68. Kg2 Kg6 69. Bb4 h5 70. Be7 Kf5 71. Bh4 Be5 72. Bd8 Bf6
73. Bb6 h4 74. Bf2 Kf4 75. Be1 Ke3 76. Bg3 Bg5 77. Be1 Ke2 78. Bg3 h3+ 79. Kh1
Kf3 80. Be1 Be3 81. Bg3 Bf2 82. Bd6 Bg3 83. Bc5 Bf4 84. Bf2 Bg5 85. Be1 Bf6 86.
Kh2 Bd4 87. Bh4 Bf2 88. Be7 g3+ 89. Kxh3 g2 0-1

[Event "BL 8283 Frankfurt-Porz"]
[Site "?"]
[Date "1983.??.??"]
[Round "?.6"]
[White "Fahnenschmidt, G."]
[Black "Gerusel, M."]
[Result "0-1"]
[WhiteElo "2355"]
[BlackElo "2390"]
[PlyCount "96"]
[EventDate "1983.??.??"]

1. d4 Nf6 2. c4 e6 3. Nf3 c5 4. d5 exd5 5. cxd5 d6 6. Nc3 g6 7. e4 Bg7 8. Bg5
h6 9. Bh4 O-O 10. Nd2 Na6 11. Be2 Nc7 12. a4 b6 13. O-O Qd7 14. Nc4 Re8 15. Qc2
Ba6 16. Rae1 Nh5 17. Bxh5 Bxc4 18. Be2 Bxe2 19. Rxe2 a6 20. h3 b5 21. f4 bxa4
22. f5 Bd4+ 23. Kh1 g5 24. Bg3 f6 25. Ra1 Rab8 26. Rxa4 Rb6 27. Ra2 Kg7 28. Qd3
Rb3 29. Qf3 Rd8 30. Re1 Qe8 31. Rea1 h5 32. Bh2 h4 33. Rc1 Kh6 34. Qd3 Qe7 35.
Qc2 Rdb8 36. Rd1 R3b4 37. Re1 Be5 38. Bxe5 Qxe5 39. Qe2 R8b6 40. Na4 Rb8 41.
Nc3 Qe8 42. Qf2 R8b6 43. e5 Rf4 44. Qc2 fxe5 45. Ne4 Nxd5 46. Qd2 Qf7 47. f6
Nxf6 48. Nxd6 Qe6 0-1

[Event "BL 8283 Kettig-Markth'feld"]
[Site "?"]
[Date "1983.??.??"]
[Round "?.1"]
[White "Goehring, K."]
[Black "Weidemann, J."]
[Result "0-1"]
[WhiteElo "2365"]
[BlackElo "2285"]
[PlyCount "86"]
[EventDate "1983.??.??"]

1. d4 d6 2. c4 e5 3. Nc3 Nd7 4. Nf3 c6 5. e4 Be7 6. Be2 Ngf6 7. O-O O-O 8. Re1
a6 9. Rb1 b5 10. b4 Bb7 11. Bf1 Re8 12. a4 Qc7 13. cxb5 cxb5 14. Bd2 exd4 15.
Nxd4 bxa4 16. Qxa4 Bf8 17. Rbc1 Qb6 18. Be3 d5 19. Nxd5 Bxd5 20. exd5 Qxb4 21.
Qxb4 Bxb4 22. Red1 Nxd5 23. Nc6 Nxe3 24. Rxd7 Ba3 25. Ra1 Nxf1 26. Kxf1 Bf8 27.
g3 Re6 28. Nd8 Rd6 29. Rxd6 Bxd6 30. Nc6 Kf8 31. Rd1 Be7 32. Ra1 Bc5 33. Rc1
Ba3 34. Rc3 Rc8 35. Ke2 Bd6 36. Kd3 Ke8 37. Kd4 Kd7 38. Kd5 a5 39. Rc4 a4 40.
Na5 Rxc4 41. Kxc4 Ke6 42. Nb7 Be7 43. Kc3 Kd5 0-1

[Event "BL 8283 Porz-Kettig"]
[Site "?"]
[Date "1983.??.??"]
[Round "?.1"]
[White "Weidemann, J."]
[Black "Hort, V."]
[Result "1/2-1/2"]
[WhiteElo "2285"]
[BlackElo "2600"]
[PlyCount "66"]
[EventDate "1983.??.??"]

1. e4 c5 2. b3 b6 3. Nc3 g6 4. Bc4 Nc6 5. Nf3 Bg7 6. O-O e6 7. Re1 d6 8. Bb2
Nge7 9. Rb1 O-O 10. h3 Bb7 11. Bf1 h6 12. a3 Kh7 13. Ba1 Nd4 14. Nb5 Nxf3+ 15.
Qxf3 a6 16. Bxg7 Kxg7 17. Nc3 Nc6 18. b4 Nd4 19. Qd3 Qc7 20. Rb2 Rfb8 21. Qg3
cxb4 22. axb4 a5 23. Na4 b5 24. Nc5 axb4 25. Nd3 b3 26. c3 Nc2 27. Rc1 Ra3 28.
e5 Rd8 29. Nf4 Qe7 30. Nh5+ Kh8 31. Nf6 dxe5 32. Qh4 Kg7 33. Nh5+ Kf8 1/2-1/2

[Event "BL 8283 Markth'feld-Frankfurt"]
[Site "?"]
[Date "1983.??.??"]
[Round "?.3"]
[White "Haakert, J."]
[Black "Oechslein, R."]
[Result "0-1"]
[WhiteElo "2305"]
[BlackElo "2205"]
[PlyCount "98"]
[EventDate "1983.??.??"]

1. g3 g6 2. Bg2 Bg7 3. Nf3 Nf6 4. O-O O-O 5. d3 d5 6. c3 c5 7. a3 Nc6 8. b4 b6
9. Bb2 Bb7 10. Nbd2 Re8 11. Qb1 e5 12. e4 Rb8 13. exd5 Nxd5 14. Re1 Nc7 15. Qc2
Ba6 16. Bf1 Ne6 17. Rad1 Qc7 18. Qa4 b5 19. Qb3 Bc8 20. Ne4 Qe7 21. bxc5 Nxc5
22. Nxc5 Qxc5 23. d4 Qb6 24. Ng5 Rb7 25. Bc1 h6 26. Ne4 Bg4 27. Nd6 Na5 28.
Qxb5 Qxb5 29. Bxb5 Rxb5 30. Nxb5 Bxd1 31. Rxd1 a6 32. Nc7 Rc8 33. Nxa6 Rxc3 34.
dxe5 Nc4 35. f4 g5 36. Nc5 gxf4 37. Ne4 Rb3 38. gxf4 Rb1 39. Kf2 Kh7 40. Rg1
Ra1 41. Nd6 Nxd6 42. Be3 Ra2+ 43. Kf3 Nc4 44. Bc5 Nxa3 45. Ke4 Nc4 46. Kd5 Nd2
47. Rg2 Rb2 48. Bd4 Ra2 49. Bc3 Nb1 0-1

[Event "BL 8283 Markth'feld-Frankfurt"]
[Site "?"]
[Date "1983.??.??"]
[Round "?.4"]
[White "Riefner, E."]
[Black "Bialas, W."]
[Result "0-1"]
[WhiteElo "2245"]
[BlackElo "2345"]
[PlyCount "82"]
[EventDate "1983.??.??"]

1. e4 g6 2. d4 Bg7 3. Nc3 d6 4. Be3 c6 5. Qd2 b5 6. d5 b4 7. Nd1 a5 8. a3 Nf6
9. f3 cxd5 10. axb4 dxe4 11. bxa5 O-O 12. fxe4 Bb7 13. Bd3 Nbd7 14. Nf2 d5 15.
Ne2 dxe4 16. Bb5 Ba6 17. Bxa6 Rxa6 18. O-O Qb8 19. Rab1 Ne5 20. Bf4 Nc4 21. Qd4
Qc8 22. Nxe4 Rd8 23. Nxf6+ Bxf6 24. Qe4 Re6 25. Qf3 Nxb2 26. c3 Nd3 27. Nd4
Nxf4 28. Qxf4 Ra6 29. Rb5 Qxc3 30. Nb3 Rad6 31. h3 Qb2 32. Qc4 Kg7 33. Rb7 Qe5
34. a6 Ra8 35. Kh1 Rdxa6 36. Nc5 Rc6 37. Rb5 Ra1 38. Rc1 Qd4 39. Qc2 Be5 40.
Rxa1 Qxa1+ 41. Rb1 Rxc5 0-1

[Event "BL 8283 Markth'feld-Frankfurt"]
[Site "?"]
[Date "1983.??.??"]
[Round "?.6"]
[White "Meinberger, L."]
[Black "Fahnenschmidt, G."]
[Result "1-0"]
[WhiteElo "2240"]
[BlackElo "2355"]
[PlyCount "83"]
[EventDate "1983.??.??"]

1. c4 e5 2. Nc3 d6 3. d4 Nd7 4. g3 Ngf6 5. Bg2 g6 6. Nf3 Bg7 7. O-O O-O 8. Rb1
Re8 9. e4 exd4 10. Nxd4 Nc5 11. f3 a5 12. Ndb5 Be6 13. b3 Qe7 14. Bg5 h6 15.
Be3 Na6 16. Qd2 Kh7 17. Rfe1 Red8 18. Rbd1 Ne8 19. Nd4 Nc5 20. Nxe6 fxe6 21. f4
c6 22. Qc2 e5 23. f5 Nf6 24. fxg6+ Kxg6 25. Bh3 Kh7 26. Bf5+ Kh8 27. Rf1 Ne6
28. Qd2 Ng8 29. Bb6 Nd4 30. Bxd8 Rxd8 31. Kg2 b6 32. Rf2 Nf6 33. Rdf1 Rf8 34.
h3 Qb7 35. Bg6 b5 36. cxb5 cxb5 37. Nd5 Nh7 38. Rf7 Qc6 39. Bxh7 Rxf7 40. Rxf7
Kxh7 41. Rc7 Qa8 42. Qf2 1-0

[Event "BL 8283 München 36-Zähringen"]
[Site "?"]
[Date "1983.??.??"]
[Round "?.1"]
[White "Herbrechtsmeier, C."]
[Black "Unzicker, W."]
[Result "0-1"]
[WhiteElo "2320"]
[BlackElo "2465"]
[PlyCount "71"]
[EventDate "1983.??.??"]

1. e4 e5 2. Nf3 Nc6 3. Bb5 a6 4. Bxc6 dxc6 5. O-O Qd6 6. d4 exd4 7. Qxd4 Qxd4
8. Nxd4 Bd7 9. Be3 O-O-O 10. Nc3 Ne7 11. Rad1 b6 12. h3 Ng6 13. Nf3 Re8 14. a3
f5 15. exf5 Bxf5 16. Rd2 Be7 17. Re1 Bf6 18. Bd4 Rxe1+ 19. Nxe1 Rd8 20. Be3 Re8
21. Nd1 Ne5 22. b3 Be7 23. a4 c5 24. f4 Nc6 25. g4 Be4 26. Nc3 Bh4 27. Bf2 Bf6
28. Nxe4 Rxe4 29. Ng2 c4 30. Kf1 cxb3 31. cxb3 Rb4 32. Rc2 Na5 33. Be1 Rxb3 34.
Bxa5 bxa5 35. g5 Bd4 36. Rc4 0-1

[Event "BL 8283 München 36-Zähringen"]
[Site "?"]
[Date "1983.??.??"]
[Round "?.3"]
[White "Raupp, T."]
[Black "Bastian, H."]
[Result "1-0"]
[WhiteElo "2245"]
[BlackElo "2360"]
[PlyCount "73"]
[EventDate "1983.??.??"]

1. c4 e5 2. Nc3 Nc6 3. Nf3 Nf6 4. e3 d6 5. d4 Bg4 6. Be2 g6 7. O-O Bg7 8. d5
Bxf3 9. Bxf3 Nb8 10. Rb1 O-O 11. b4 Nbd7 12. e4 b6 13. Be2 Qe7 14. Qc2 Ne8 15.
Bd3 h5 16. Na4 a5 17. c5 axb4 18. cxb6 cxb6 19. Rxb4 Nc5 20. Bb5 Nf6 21. Bc6
Ra5 22. Bd2 Nxa4 23. Rxa4 Rc5 24. Qd3 Rb8 25. Rb1 Qc7 26. Bb4 b5 27. Ra5 Rc4
28. Rxb5 Rd4 29. Bxd6 Rxb5 30. Bxc7 Rxd3 31. Bxb5 Ra3 32. d6 Nxe4 33. d7 Bf6
34. Bxe5 Be7 35. Bc6 f6 36. Bxe4 fxe5 37. Rb8+ 1-0

[Event "BL 8283 München 36-Zähringen"]
[Site "?"]
[Date "1983.??.??"]
[Round "?.6"]
[White "Enigl, K."]
[Black "Vogel, R."]
[Result "1-0"]
[WhiteElo "2230"]
[BlackElo "2245"]
[PlyCount "87"]
[EventDate "1983.??.??"]

1. c4 Nf6 2. Nc3 d5 3. cxd5 Nxd5 4. Nf3 Nc6 5. g3 e5 6. d3 Be7 7. Bg2 Nb6 8.
O-O O-O 9. Be3 f5 10. Qc1 Bf6 11. Rd1 Nd4 12. Bd2 c6 13. Nxd4 Qxd4 14. Be3 Qg4
15. a4 Be6 16. Bf3 Qg6 17. a5 Nd5 18. a6 b6 19. Nxd5 Bxd5 20. Bxd5+ cxd5 21.
Qc6 Qf7 22. Rac1 Rad8 23. Rc2 Rd7 24. Rdc1 Re7 25. Qd6 Rd7 26. Qc6 h5 27. Qb5
h4 28. Rc8 Bd8 29. Bd2 f4 30. g4 f3 31. e3 h3 32. Qc6 Re8 33. Kh1 Kh7 34. Rb8
Re6 35. Qa8 Be7 36. Rb7 Bh4 37. Qxa7 Ree7 38. Rxd7 Rxd7 39. Qb8 Bxf2 40. Rc8
Qe6 41. Rh8+ Kg6 42. e4 Rf7 43. Qg8 Qxg4 44. Rh6# 1-0

[Event "BL 8283 Bayern-Koblenz"]
[Site "?"]
[Date "1983.??.??"]
[Round "?.1"]
[White "Doncevic, D."]
[Black "Pfleger, He"]
[Result "0-1"]
[WhiteElo "2275"]
[BlackElo "2505"]
[PlyCount "64"]
[EventDate "1983.??.??"]

1. e4 d6 2. d4 Nf6 3. Nc3 g6 4. Nf3 Bg7 5. Be2 O-O 6. O-O c6 7. Re1 Qc7 8. e5
dxe5 9. Nxe5 Be6 10. Bf4 Qc8 11. Qd2 Rd8 12. Qe3 Nbd7 13. Rad1 Nb6 14. Bf3 Bf5
15. Bg5 Re8 16. Bh6 Bxc2 17. Rc1 Bf5 18. Bxg7 Kxg7 19. d5 c5 20. a4 Nbd7 21.
Nb5 a6 22. Na3 Nxe5 23. Qxe5 Bg4 24. Bxg4 Qxg4 25. Rxc5 Qxa4 26. Rc7 Rad8 27.
Rxb7 Rxd5 28. Qc3 Rd1 29. h3 Rxe1+ 30. Qxe1 Rd8 31. Qe3 e6 32. g3 Rd1+ 0-1

[Event "BL 8283 Bayern-Koblenz"]
[Site "?"]
[Date "1983.??.??"]
[Round "?.2"]
[White "Bischoff, K."]
[Black "Schulz, KJ."]
[Result "1-0"]
[WhiteElo "2405"]
[BlackElo "2310"]
[PlyCount "87"]
[EventDate "1983.??.??"]

1. e4 c5 2. Nf3 e6 3. d4 cxd4 4. Nxd4 Nf6 5. Nc3 d6 6. Be2 Be7 7. O-O O-O 8. f4
Nc6 9. Be3 Bd7 10. Ndb5 Qb8 11. a4 Rd8 12. g4 Be8 13. g5 Nd7 14. Bf3 a6 15. Na3
Qc7 16. Qe2 Rac8 17. Rad1 Bf8 18. Qf2 Ne7 19. Rd2 d5 20. Nab1 dxe4 21. Bxe4 Nf5
22. Bxf5 exf5 23. Nd5 Qc6 24. Nbc3 Nc5 25. Rfd1 Ne6 26. a5 Kh8 27. h4 Rd6 28.
Bb6 Qc4 29. Kh2 Qc6 30. Qe3 Nc5 31. Qe5 Nd7 32. Qxf5 Nxb6 33. Nxb6 Rcd8 34.
Ncd5 Qb5 35. b4 Re6 36. c4 Qc6 37. Qg4 Re4 38. Qf3 Qe6 39. Nc7 Rxd2+ 40. Rxd2
Qf5 41. Rd5 Re2+ 42. Qxe2 Qxf4+ 43. Kh3 Bc6 44. Rd8 {ZÜ} 1-0

[Event "BL 8283 Bayern-Koblenz"]
[Site "?"]
[Date "1983.??.??"]
[Round "?.3"]
[White "Wolf, V."]
[Black "Calvo Minguez, R."]
[Result "1-0"]
[WhiteElo "2245"]
[BlackElo "2420"]
[PlyCount "85"]
[EventDate "1983.??.??"]

1. e4 e5 2. Nf3 Nc6 3. Nc3 Bb4 4. Nd5 Ba5 5. b4 Nxb4 6. Nxb4 Bxb4 7. Nxe5 Qe7
8. Bb2 f6 9. Nd3 Qxe4+ 10. Be2 Nh6 11. O-O O-O 12. c4 Be7 13. Qb3 d6 14. Bf3
Qf5 15. Rfe1 Re8 16. c5+ Kf8 17. Be4 Qg5 18. g3 Nf5 19. Nf4 dxc5 20. Bxb7 c4
21. Qa4 Qxf4 22. Bxa8 Qxd2 23. Bc6 Qxb2 24. Rab1 Qxb1 25. Rxb1 Rd8 26. Qxc4 Nd4
27. Bd5 c6 28. Bg8 Nf3+ 29. Kg2 Ne5 30. Qb3 Bf5 31. Re1 Rd3 32. Qb8+ Rd8 33.
Qxa7 Rd7 34. Qb8+ Rd8 35. Qc7 h5 36. Bb3 Rc8 37. Qb7 g5 38. f4 gxf4 39. gxf4
Ng6 40. Bc2 Nh4+ 41. Kg3 Bc5 42. Kxh4 Bf2+ 43. Kxh5 1-0

[Event "BL 8283 Bayern-Koblenz"]
[Site "?"]
[Date "1983.??.??"]
[Round "?.4"]
[White "Klundt, K."]
[Black "Heimerl, L."]
[Result "1-0"]
[WhiteElo "2380"]
[BlackElo "2215"]
[PlyCount "61"]
[EventDate "1983.??.??"]

1. e4 c5 2. Nf3 e6 3. d4 cxd4 4. Nxd4 Nf6 5. Nc3 d6 6. Be3 Be7 7. Be2 Nc6 8.
O-O O-O 9. f4 Qc7 10. Kh1 a6 11. a4 Na5 12. Bd3 b6 13. Qf3 Bb7 14. Rae1 Nc4 15.
Bc1 g6 16. Qh3 Rac8 17. b3 Na5 18. Bb2 e5 19. Nf3 exf4 20. Qh6 Nh5 21. Ne2 Rfe8
22. Nxf4 Bf8 23. Qg5 f6 24. Bxf6 Nxf6 25. Qxf6 Bg7 26. Qh4 Bc3 27. Rd1 Qe7 28.
Qg3 Rc5 29. Nd5 Bxd5 30. exd5 Rxd5 31. Bxg6 1-0

[Event "BL 8283 Bayern-Koblenz"]
[Site "?"]
[Date "1983.??.??"]
[Round "?.5"]
[White "Trauth, M."]
[Black "Westermeier, A."]
[Result "1/2-1/2"]
[WhiteElo "2235"]
[BlackElo "2305"]
[PlyCount "44"]
[EventDate "1983.??.??"]

1. Nf3 Nf6 2. c4 e6 3. g3 d5 4. b3 Be7 5. Bg2 O-O 6. O-O Nbd7 7. Nc3 c6 8. d3
a6 9. Qc2 b5 10. Rd1 Bb7 11. e4 Rc8 12. e5 Ne8 13. h4 Nc7 14. Re1 c5 15. a4
bxc4 16. bxc4 Nb8 17. a5 Nc6 18. Na4 Nb4 19. Qe2 Rb8 20. Be3 d4 21. Bg5 h6 22.
Bxe7 Qxe7 1/2-1/2

[Event "BL 8283 Bayern-Koblenz"]
[Site "?"]
[Date "1983.??.??"]
[Round "?.7"]
[White "Koerholz, L."]
[Black "Schubert, C."]
[Result "0-1"]
[WhiteElo "2220"]
[BlackElo "2255"]
[PlyCount "69"]
[EventDate "1983.??.??"]

1. d4 Nf6 2. c4 g6 3. Nc3 Bg7 4. e4 d6 5. Nf3 O-O 6. Be2 e5 7. O-O Nc6 8. d5
Ne7 9. Ne1 Nd7 10. Nd3 f5 11. f3 Nf6 12. Bd2 c6 13. b4 Bd7 14. Qb3 cxd5 15.
cxd5 Kh8 16. Nf2 Nh5 17. a4 Nf4 18. Bb5 fxe4 19. fxe4 Ng8 20. Bxd7 Qxd7 21. Be3
Bh6 22. Rfe1 Nf6 23. h3 Bg5 24. Kh2 N6h5 25. g3 Nxg3 26. Kxg3 Nxh3 27. Ncd1
Bh4+ 28. Kg2 g5 29. Rc1 g4 30. Rh1 Qf7 31. Rxh3 gxh3+ 32. Kxh3 Rg8 33. Kxh4
Qf6+ 34. Bg5 Qxg5+ 35. Kh3 0-1

[Event "BL 8283 Zähringen-Bayern"]
[Site "?"]
[Date "1983.??.??"]
[Round "?.1"]
[White "Pfleger, He"]
[Black "Herbrechtsmeier, C."]
[Result "1/2-1/2"]
[WhiteElo "2505"]
[BlackElo "2320"]
[PlyCount "108"]
[EventDate "1983.??.??"]

1. c4 e5 2. Nc3 Nc6 3. g3 g6 4. Bg2 Bg7 5. d3 d6 6. Rb1 a5 7. a3 Nh6 8. b4 axb4
9. axb4 O-O 10. b5 Nd4 11. e3 Ne6 12. Nge2 f5 13. Nd5 Bd7 14. O-O g5 15. f4
gxf4 16. exf4 c6 17. bxc6 bxc6 18. Ne3 exf4 19. Nxf4 Nd4 20. h3 Be5 21. Nc2 Qf6
22. Be3 Nxc2 23. Qxc2 Bd4 24. Bxd4 Qxd4+ 25. Qf2 Qxf2+ 26. Rxf2 Rfb8 27. Rfb2
Rxb2 28. Rxb2 Ra7 29. Rb6 Rc7 30. Rb8+ Kf7 31. Kf2 Ng8 32. Ke3 Ne7 33. Ne2 Ra7
34. Nd4 Ra1 35. Rh8 Kg7 36. Rd8 Ra7 37. h4 Kf7 38. Bf3 Kg7 39. Rb8 Rc7 40. Rb6
Kf6 41. Nb3 Ra7 42. c5 dxc5 43. Nxc5 Be8 44. Kd4 h5 45. Rb8 Bf7 46. Rd8 f4 47.
gxf4 Nf5+ 48. Kc3 Nxh4 49. Bxc6 Rc7 50. Rd6+ Ke7 51. Rd7+ Rxd7 52. Nxd7 Be8 53.
Ne5 Bxc6 54. Nxc6+ Kf6 1/2-1/2

[Event "BL 8283 Zähringen-Bayern"]
[Site "?"]
[Date "1983.??.??"]
[Round "?.2"]
[White "Schuh, H."]
[Black "Bischoff, K."]
[Result "1/2-1/2"]
[WhiteElo "2305"]
[BlackElo "2405"]
[PlyCount "37"]
[EventDate "1983.??.??"]

1. d4 Nf6 2. Nc3 g6 3. e4 d6 4. Bc4 Bg7 5. Nf3 Nc6 6. h3 Nxe4 7. Bxf7+ Kxf7 8.
Nxe4 d5 9. Nc5 e5 10. dxe5 Nxe5 11. O-O Re8 12. Bf4 Nxf3+ 13. Qxf3 Kg8 14. Rae1
Rxe1 15. Rxe1 c6 16. Be5 Qe7 17. Qc3 Bf8 18. Nd3 Bf5 19. Bd4 1/2-1/2

[Event "BL 8283 Zähringen-Bayern"]
[Site "?"]
[Date "1983.??.??"]
[Round "?.3"]
[White "Calvo Minguez, R."]
[Black "Raupp, T."]
[Result "1-0"]
[WhiteElo "2420"]
[BlackElo "2245"]
[PlyCount "103"]
[EventDate "1983.??.??"]

1. d4 d5 2. c4 e6 3. Nc3 Be7 4. Nf3 Nf6 5. Bg5 O-O 6. e3 h6 7. Bh4 Ne4 8. Bxe7
Qxe7 9. cxd5 Nxc3 10. bxc3 exd5 11. c4 dxc4 12. Bxc4 c5 13. O-O Nd7 14. Rc1
cxd4 15. Qxd4 Nb6 16. Bb3 Re8 17. Qf4 Qf8 18. Rc7 Be6 19. Rxb7 Bxb3 20. axb3
Re7 21. Rxe7 Qxe7 22. Nd4 Rc8 23. g3 Qc5 24. Ra1 a5 25. Qf5 Qxf5 26. Nxf5 Ra8
27. Kg2 h5 28. e4 a4 29. bxa4 Rxa4 30. Rxa4 Nxa4 31. Kf3 g6 32. Ne7+ Kg7 33.
Nd5 Nc5 34. Ke3 Ne6 35. f4 Nd8 36. e5 Ne6 37. Nf6 Kf8 38. Ke4 Ng7 39. h3 Ke7
40. g4 hxg4 41. hxg4 Ke6 42. Nd5 Kd7 43. f5 gxf5+ 44. gxf5 Ke8 45. Nf4 Kd7 46.
Nd5 Nh5 47. Kf3 Kc6 48. Ne3 Ng7 49. Kf4 Kd7 50. Kg5 Ne8 51. Nd5 Kd8 52. Kh6 1-0

[Event "BL 8283 Zähringen-Bayern"]
[Site "?"]
[Date "1983.??.??"]
[Round "?.4"]
[White "Bassler, M."]
[Black "Klundt, K."]
[Result "1/2-1/2"]
[WhiteElo "2235"]
[BlackElo "2380"]
[PlyCount "100"]
[EventDate "1983.??.??"]

1. Nf3 Nf6 2. b3 g6 3. Bb2 Bg7 4. e3 d6 5. d4 O-O 6. Be2 Nc6 7. c4 e5 8. dxe5
Nd7 9. Nc3 dxe5 10. Qc2 Nb4 11. Qd2 Nc5 12. Nd5 Nxd5 13. cxd5 Ne4 14. Qb4 Nf6
15. e4 Re8 16. O-O Bf8 17. Qc4 Bd6 18. Nd2 Nd7 19. Qc2 Nb6 20. a4 a5 21. Nc4
Nxc4 22. bxc4 Qe7 23. Bd3 Bd7 24. Kh1 Rf8 25. c5 Bxc5 26. Bxe5 c6 27. Qb2 f6
28. Bc3 cxd5 29. exd5 Qd6 30. Qb1 Kg7 31. f4 b6 32. Rf3 Rae8 33. f5 g5 34. Rg3
h6 35. Qb3 Re7 36. Qc4 Rc8 37. Qh4 Be3 38. Bd4 Bxd4 39. Qxd4 Qe5 40. Qg1 Rc5
41. Rb1 Rxd5 42. Rxb6 Bxf5 43. Bxf5 Qxf5 44. Rf3 Qc2 45. Rbxf6 Rd1 46. Rf1 Rxf1
47. Rxf1 Qxa4 48. Qb6 Qf4 49. Ra1 Qf6 50. Qxa5 Re6 1/2-1/2

[Event "BL 8283 Zähringen-Bayern"]
[Site "?"]
[Date "1983.??.??"]
[Round "?.5"]
[White "Westermeier, A."]
[Black "Vatter, H."]
[Result "1/2-1/2"]
[WhiteElo "2305"]
[BlackElo "2240"]
[PlyCount "63"]
[EventDate "1983.??.??"]

1. e4 c5 2. Nf3 Nc6 3. d4 cxd4 4. Nxd4 g6 5. Nc3 Bg7 6. Be3 Nf6 7. Be2 O-O 8.
f4 d5 9. e5 Ne8 10. Qd2 f6 11. exf6 Nxf6 12. O-O-O Bd7 13. Bf3 e6 14. g4 Na5
15. b3 Rc8 16. h4 Qe7 17. Nce2 Qa3+ 18. Kb1 Ne8 19. Qc1 Qb4 20. c3 Qe7 21. h5
gxh5 22. Rxh5 Nf6 23. Rh2 e5 24. fxe5 Qxe5 25. Bf4 Qe7 26. Bh6 Rf7 27. Ng3 Bxh6
28. Rxh6 Nxg4 29. Bxd5 Nxh6 30. Qxh6 Kh8 31. Bxf7 Qxf7 32. Kb2 1/2-1/2

[Event "BL 8283 Zähringen-Bayern"]
[Site "?"]
[Date "1983.??.??"]
[Round "?.6"]
[White "Vogel, R."]
[Black "Saacke, B."]
[Result "1-0"]
[WhiteElo "2245"]
[BlackElo "2380"]
[PlyCount "157"]
[EventDate "1983.??.??"]

1. d4 e6 2. c4 Nf6 3. Nc3 d5 4. Nf3 c5 5. e3 Nc6 6. a3 a6 7. dxc5 Bxc5 8. b4
Ba7 9. Bb2 O-O 10. Qb3 dxc4 11. Qxc4 e5 12. Qh4 Bf5 13. Be2 Qe7 14. O-O Rad8
15. Rfd1 Bc2 16. Rxd8 Rxd8 17. Rc1 Bb3 18. Nb1 Bb8 19. Nbd2 Bd5 20. Nf1 Be4 21.
Ng3 Bg6 22. Qc4 Ne8 23. Nh4 Nd6 24. Nxg6 hxg6 25. Qg4 e4 26. Rd1 Re8 27. Rd5
Qe6 28. Qxe6 Rxe6 29. Bg4 Re7 30. h4 Nc4 31. Bc1 Bxg3 32. fxg3 f5 33. Be2 N6e5
34. Rc5 b5 35. a4 Rb7 36. axb5 axb5 37. Bb2 Nd3 38. Rc8+ Kf7 39. Bd4 Nxb4 40.
g4 Nd3 41. h5 fxg4 42. Bxg4 Nce5 43. Bd1 gxh5 44. Bxh5+ Ke6 45. Bd1 Kd7 46. Rg8
Kc6 47. Re8 Kd6 48. Bb3 Re7 49. Rb8 Rc7 50. Rb6+ Kd7 51. Be6+ Ke7 52. Bf5 Nc4
53. Rg6 Nd2 54. Rxg7+ Kd6 55. Rg6+ Kd5 56. Be6+ Kd6 57. Bc4+ Ke7 58. Bf6+ Kd7
59. Bxb5+ Kc8 60. Bd4 Rc1+ 61. Kh2 Kc7 62. Kg3 Rg1 63. Bb6+ Kb7 64. Bc6+ Ka6
65. Bd4 Nf1+ 66. Kh4 Nf2 67. Bxe4+ Kb5 68. Bd5 Nd2 69. Rb6+ Ka5 70. Kg3 Nfe4+
71. Kf4 Rxg2 72. Rb2 Rf2+ 73. Ke5 Ka4 74. Rb8 Nf6 75. Bc6+ Ka3 76. Ke6 Nde4 77.
Rb5 Rc2 78. Bb7 Ne8 79. Bxe4 1-0

[Event "BL 8283 Zähringen-Bayern"]
[Site "?"]
[Date "1983.??.??"]
[Round "?.7"]
[White "Schubert, C."]
[Black "Kiefer, G."]
[Result "1/2-1/2"]
[WhiteElo "2255"]
[BlackElo "2230"]
[PlyCount "100"]
[EventDate "1983.??.??"]

1. e4 c5 2. Nf3 e6 3. d4 cxd4 4. Nxd4 Nf6 5. Bd3 Nc6 6. Nxc6 bxc6 7. c4 d5 8.
Nc3 Be7 9. O-O O-O 10. Bf4 Qb6 11. Qc2 h6 12. Rad1 dxc4 13. Bxc4 Ba6 14. Na4
Qb7 15. Bxa6 Qxa6 16. Bd6 Bxd6 17. Rxd6 Rac8 18. Rfd1 Qb5 19. Nc5 Rfe8 20. h3
Qb6 21. a3 Re7 22. R1d4 Qc7 23. e5 Nd5 24. Rg4 Kh8 25. Qd3 a5 26. Qg3 Rg8 27.
Qh4 Kh7 28. Ne4 Rd7 29. Qh5 Rf8 30. Rg3 Rxd6 31. exd6 Qd7 32. Qe5 f6 33. Nc5
fxe5 34. Nxd7 Rd8 35. Nxe5 Rxd6 36. Nc4 Rd8 37. Nxa5 c5 38. Nc4 Nf4 39. Re3
Rd1+ 40. Kh2 Rc1 41. b3 Rc2 42. Re4 g5 43. Kg3 Ne2+ 44. Kh2 Nf4 45. Kg3 Ne2+
46. Kg4 Nf4 47. g3 Nd3 48. Rxe6 Rxf2 49. Re7+ Kg6 50. Re6+ Kf7 1/2-1/2

[Event "BL 8283 Koblenz-München 36"]
[Site "?"]
[Date "1983.??.??"]
[Round "?.1"]
[White "Unzicker, W."]
[Black "Doncevic, D."]
[Result "1/2-1/2"]
[WhiteElo "2465"]
[BlackElo "2275"]
[PlyCount "41"]
[EventDate "1983.??.??"]

1. Nf3 c5 2. c4 g6 3. Nc3 Bg7 4. e3 Nf6 5. d4 O-O 6. Be2 d5 7. O-O cxd4 8. exd4
Nc6 9. h3 b6 10. Bg5 dxc4 11. Bxc4 Bb7 12. a3 h6 13. Bh4 e6 14. Re1 Ne7 15. Bg3
Rc8 16. Bf1 Nf5 17. Be5 Bxf3 18. Qxf3 Nxd4 19. Qd1 Nh5 20. Bh2 Rc5 21. Rc1
1/2-1/2

[Event "BL 8283 Koblenz-München 36"]
[Site "?"]
[Date "1983.??.??"]
[Round "?.2"]
[White "Schulz, KJ."]
[Black "Robatsch, K."]
[Result "1/2-1/2"]
[WhiteElo "2310"]
[BlackElo "2410"]
[PlyCount "58"]
[EventDate "1983.??.??"]

1. e4 c5 2. Nf3 d6 3. d4 cxd4 4. Nxd4 Nf6 5. Nc3 Nc6 6. Bc4 Bd7 7. O-O g6 8.
Nxc6 Bxc6 9. Qe2 Bg7 10. Bg5 O-O 11. Rad1 Qa5 12. Nd5 Bxd5 13. exd5 e5 14. Bb3
Rfe8 15. Bd2 Qc7 16. c4 Rec8 17. Rc1 Nd7 18. Bd1 Qd8 19. Qe3 Qb6 20. b4 Qxe3
21. Bxe3 a5 22. c5 axb4 23. c6 bxc6 24. dxc6 Nf6 25. Bb3 d5 26. Bd2 Bf8 27. f4
Bh6 28. Bxb4 Bxf4 29. Rce1 Rxc6 1/2-1/2

[Event "BL 8283 Koblenz-München 36"]
[Site "?"]
[Date "1983.??.??"]
[Round "?.3"]
[White "Bastian, H."]
[Black "Wolf, V."]
[Result "1/2-1/2"]
[WhiteElo "2360"]
[BlackElo "2245"]
[PlyCount "102"]
[EventDate "1983.??.??"]

1. e4 e6 2. d4 d5 3. e5 c5 4. c3 Ne7 5. Nf3 Nd7 6. Bd3 Nc6 7. O-O Be7 8. a3 a5
9. Bc2 cxd4 10. cxd4 Nb6 11. Nc3 Bd7 12. Qd3 a4 13. Rb1 Na5 14. Ne1 f5 15. exf6
Bxf6 16. Bf4 Nac4 17. Nf3 g6 18. Bh6 Nd6 19. Rfe1 Nf7 20. Bf4 O-O 21. Bg3 Nc4
22. h4 Nh6 23. h5 Nf5 24. hxg6 hxg6 25. Ne5 Nxe5 26. Bxe5 Qb6 27. b3 Bxe5 28.
Rxe5 Rf6 29. bxa4 Qxd4 30. Qxd4 Nxd4 31. Rxb7 Nxc2 32. Rxd7 Nxa3 33. Rc7 Ra6
34. Rg5 Kf8 35. Rg3 Rf7 36. Nxd5 Rxa4 37. Rxf7+ Kxf7 38. Rf3+ Kg7 39. Nc7 e5
40. Ne6+ Kh7 41. Rf7+ Kh6 42. Rf8 Kh7 43. Rf7+ Kh6 44. Rf3 Kh7 45. Rg3 Ra8 46.
Rh3+ Kg8 47. Re3 Nc4 48. Re4 Rc8 49. Ng5 Kg7 50. Re2 Kf6 51. Ne4+ Ke6 1/2-1/2